000 01092nam a2200265 a 4500
008 120416s2001 ||||||||||||||||| || u
020 _a0787957291
050 _aHD 30.23 Str
100 _aCusumano, Michael A., 1954-
245 1 0 _aStrategic thinking for the next economy
_cedited by Michael A. Cusumano
250 _a1st ed.
260 _aSan Francisco
_bJossey-Bass
_c2001
300 _axi, 317p. : ill.
350 _a0.00
490 _aJossey-Bass business & management series
500 _a'MITSloan Management Review.' -Includes bibliographical references and index.
650 0 _aINDUSTRIAL MANAGEMENT
650 0 _aMANAGEMENT
650 0 _aDECISION MAKING
700 _aMarkides, Constantinos
856 _uhttp://www.loc.gov/catdir/description/wiley035/2001001015.html
856 _uhttp://www.loc.gov/catdir/bios/wiley043/2001001015.html
856 _uhttp://www.loc.gov/catdir/toc/onix07/2001001015.html
995 _D0.00
_FCBU-MAIN LIBRARY (Kitwe)
_H1
_I19.95
_M1
_UAVAILABLE
_ZMain Library Open Access Collection
999 _c58561
_d58561